Political currents in liberated Europe, (Record no. 89954)
[ view plain ]
| 000 -LEADER | |
|---|---|
| fixed length control field | 00938cam a22002531 4500 |
| 001 - CONTROL NUMBER | |
| control field | sd 45000051 |
| 003 - CONTROL NUMBER IDENTIFIER | |
| control field | DLC |
| 005 - DATE AND TIME OF LATEST TRANSACTION | |
| control field | 20260227112735.0 |
| 008 - FIXED-LENGTH DATA ELEMENTS--GENERAL INFORMATION | |
| fixed length control field | 941013s1945 nyu b f000 0 eng c |
| 010 ## - LIBRARY OF CONGRESS CONTROL NUMBER | |
| LC control number | sd 45000051 |
| 035 ## - SYSTEM CONTROL NUMBER | |
| System control number | (OCoLC)31275400 |
| 040 ## - CATALOGING SOURCE | |
| Original cataloging agency | U.S. Dept. of State. Libr. |
| Transcribing agency | IEN |
| Modifying agency | DLC |
| 050 00 - LIBRARY OF CONGRESS CALL NUMBER | |
| Classification number | D410 |
| Item number | .F65 vol. 21, no. 6 |
| 082 ## - DEWEY DECIMAL CLASSIFICATION NUMBER | |
| Classification number | 940.53144 |
| 100 1# - MAIN ENTRY--PERSONAL NAME | |
| Personal name | Hadsel, Winifred N. |
| 245 10 - TITLE STATEMENT | |
| Title | Political currents in liberated Europe, |
| Statement of responsibility, etc. | by Winifred N. Hadsel. |
| 260 ## - PUBLICATION, DISTRIBUTION, ETC. | |
| Place of publication, distribution, etc. | New York, N.Y., |
| Name of publisher, distributor, etc. | Foreign Policy Association, Incorporated |
| Date of publication, distribution, etc. | [1945] |
| 300 ## - PHYSICAL DESCRIPTION | |
| Extent | 1 p. l., 67-80 p. |
| Dimensions | 27 cm. |
| 490 0# - SERIES STATEMENT | |
| Series statement | Foreign policy reports, |
| Volume/sequential designation | vol. XXI, no. 6. June 1, 1945 |
| 500 ## - GENERAL NOTE | |
| General note | "Role of European countries at San Francisco, by O.K.D. Ringwood and W.N. Hadsel": p. [79]-80. |
| 504 ## - BIBLIOGRAPHY, ETC. NOTE | |
| Bibliography, etc. note | Bibliographical foot-notes. |
| 651 #0 - SUBJECT ADDED ENTRY--GEOGRAPHIC NAME | |
| Geographic name | Europe |
| General subdivision | Politics and government |
| Chronological subdivision | 1918-1945. |
| 650 #0 - SUBJECT ADDED ENTRY--TOPICAL TERM | |
| Topical term or geographic name entry element | Reconstruction (1939-1951) |
| Geographic subdivision | Europe. |
No items available.